| 000 | 00000nam##2200000za#4500 |
| 001 | 9.663634 |
| 003 | CaOODSP |
| 005 | 20200401083241 |
| 007 | ta |
| 008 | 150407|2001||||xxc||||| f|0| 0 fre|d |
| 020 | |a2-922084-48-5 |
| 040 | |aCaOODSP|bfre |
| 041 | |aeng |
| 041 | |afre |
| 043 | |an-cn--- |
| 086 | 1 |aE84-8/2001 |
| 110 | 1 |aCanada.|bCentre international des droits de la personne et du développement démocratique. |
| 245 | 10|aRécoltes inégales : |ble commerce international et le droit à l'alimentation vus par les agriculteurs / |cpar Lauren Posner. |
| 260 | |aMontréal - Québec : |bCentre international des droits de la personne et du développement démocratique |c2001. |
| 300 | |aTexte français, 26p. : |bill., références ; |c28 cm. |
| 546 | |aBilingue |
| 563 | |aCouverture souple |
| 590 | |a02-16|b2002-04-19 |
| 691 | 07|aIndustrie agro-alimentaire|2gcpds |
| 691 | 07|aCommerce extérieur|2gcpds |
| 691 | 07|aNourriture|2gcpds |
| 691 | 07|aDroits sociaux|2gcpds |
| 720 | 1 |aPosner, Lauren |
| 776 | 0#|tRécoltes inégales : |w(CaOODSP)9.640320 |
| 776 | 0#|tUnequal harvest : |w(CaOODSP)9.696200 |
| 791 | |tUnequal harvest : |eeng|w(CaOODSP)9.663633 |